[Event "Mittelfrankenliga-B2b 0708"]
[Site "Mittelfranken"]
[Date "2008.01.13"]
[Round "4.8"]
[White "Krajczy, Werner"]
[Black "Wiedemann, Jan"]
[Result "1/2-1/2"]
[WhiteElo "1645"]
[BlackElo "1641"]
[PlyCount "48"]
[EventDate "2007.10.14"]
[EventType "team-tourn"]
[EventRounds "9"]
[EventCountry "GER"]
[SourceTitle "EXT 2011"]
[Source "ChessBase"]
[SourceDate "2010.11.26"]
[SourceVersion "1"]
[SourceVersionDate "2010.11.26"]
[SourceQuality "1"]
[WhiteTeam "Buechenbach/Roth II"]
[BlackTeam "Heilsbronn"]
[WhiteTeamCountry "GER"]
[BlackTeamCountry "GER"]

1. e4 e5 2. Nf3 Nc6 3. Bb5 a6 4. Ba4 Nf6 5. 0-0 Be7 6. Re1 b5 7. Bb3 d6 8. c3 0-0 9. d4 Bg4 10. d5 Na5 11. Bc2 Nc4 12. h3 Bh5 13. Nbd2 Nxd2 14. Bxd2 Qd7 15. Bg5 Bxf3 16. Qxf3 Nxd5 17. exd5 Bxg5 18. Qh5 h6 19. h4 Bf6 20. Re3 g6 21. Qxh6 Bg7 22. Qg5 Qd8 23. Rh3 Qxg5 24. hxg5 f5 1/2-1/2

[Event "Nuremberg-ch op 05th"]
[Site "Nuremberg"]
[Date "2005.05.07"]
[Round "2"]
[White "Krajczy, Werner"]
[Black "Seyl, Frank"]
[Result "0-1"]
[WhiteElo "1646"]
[BlackElo "1902"]
[PlyCount "76"]
[EventDate "2005.05.06"]
[EventType "swiss"]
[EventRounds "5"]
[EventCountry "GER"]
[SourceTitle "EXT 2007"]
[Source "ChessBase"]
[SourceDate "2006.11.23"]
[SourceVersion "1"]
[SourceVersionDate "2006.11.23"]
[SourceQuality "1"]

1. e4 c5 2. Nf3 Nc6 3. d4 cxd4 4. Nxd4 e6 5. Be3 a6 6. a3 Nge7 7. Nc3 Nxd4 8. Bxd4 Nc6 9. Be3 b5 10. Ne2 Bb7 11. f3 Rc8 12. Rc1 Ne5 13. Nf4 Be7 14. Be2 Nc4 15. Bxc4 Rxc4 16. 0-0 0-0 17. c3 f5 18. e5 Qc7 19. Nd3 d6 20. Bf4 Rxf4 21. Nxf4 dxe5 22. Nh3 e4 23. Qe2 Rf6 24. fxe4 Bxe4 25. Ng5 Bc5+ 26. Kh1 Rh6 27. h3 Bd5 28. b4 Be7 29. Qe3 Rg6 30. Nf3 e5 31. Rg1 e4 32. Qd4 Rd6 33. Nd2 Bg5 34. Qe5 Qd7 35. Rcd1 Bb7 36. Rgf1 e3 37. Rxf5 Rxd2 38. Rdf1 Bxg2+ 0-1

[Event "Mittelfranken-ch QT 53rd"]
[Site "Lauf"]
[Date "2004.04.09"]
[Round "5"]
[White "Krajczy, Werner"]
[Black "Muskat, Gunter"]
[Result "0-1"]
[WhiteElo "1701"]
[BlackElo "1843"]
[PlyCount "50"]
[EventDate "2004.04.07"]
[EventType "swiss"]
[EventRounds "7"]
[EventCountry "GER"]
[SourceTitle "EXT 2015"]
[Source "ChessBase"]
[SourceDate "2014.11.20"]
[SourceVersion "1"]
[SourceVersionDate "2014.11.20"]
[SourceQuality "1"]

1. e4 c5 2. Nf3 e6 3. d4 cxd4 4. Nxd4 a6 5. Nc3 Qc7 6. Be3 Nf6 7. a3 b5 8. Bd3 d6 9. 0-0 Nbd7 10. Rc1 Be7 11. Nce2 Nb6 12. Ng3 0-0 13. Qe2 Nc4 14. c3 Bb7 15. Bg5 d5 16. Bxf6 Bxf6 17. exd5 Bxd5 18. Qc2 g6 19. Nde2 Bg5 20. Ra1 Nd2 21. Be4 Bb3 22. Qd3 Rad8 23. Nd4 e5 24. Nxb5 axb5 25. Qxb5 Bc4 0-1

[Event "Mittelfranken-ch QT 53rd"]
[Site "Lauf"]
[Date "2004.04.08"]
[Round "3"]
[White "Krajczy, Werner"]
[Black "Steierer, Thomas"]
[Result "1-0"]
[WhiteElo "1701"]
[BlackElo "1341"]
[PlyCount "62"]
[EventDate "2004.04.07"]
[EventType "swiss"]
[EventRounds "7"]
[EventCountry "GER"]
[SourceTitle "EXT 2015"]
[Source "ChessBase"]
[SourceDate "2014.11.20"]
[SourceVersion "1"]
[SourceVersionDate "2014.11.20"]
[SourceQuality "1"]

1. e4 c5 2. Nf3 Nc6 3. d4 cxd4 4. Nxd4 g6 5. Nc3 Bg7 6. Be3 Nf6 7. f3 0-0 8. Nb3 d6 9. Qd2 Re8 10. 0-0-0 Bd7 11. h4 h5 12. Be2 Qc8 13. Nd5 Ne5 14. Bd4 Be6 15. Nxf6+ Bxf6 16. Bb5 Bd7 17. Bxd7 Qxd7 18. Qh6 Bg7 19. Qf4 Kh7 20. Kb1 Qe6 21. Bc3 Bh6 22. Qg3 Nc4 23. Nd4 Qe5 24. Qxe5 Nxe5 25. Nb5 Rec8 26. Bxe5 dxe5 27. Rd7 Rc5 28. Nc3 Rac8 29. Rxe7 R8c7 30. Rxc7 Rxc7 31. Rd1 Be3 1-0

[Event "Mittelfranken-ch QT 50th"]
[Site "Buechenbach"]
[Date "2001.??.??"]
[Round "6"]
[White "Krajczy, Werner"]
[Black "Wild, Erwin"]
[Result "0-1"]
[WhiteElo "1786"]
[BlackElo "1638"]
[PlyCount "55"]
[EventDate "2001.04.11"]
[EventType "swiss"]
[EventRounds "7"]
[EventCountry "GER"]
[SourceTitle "EXT 2015"]
[Source "ChessBase"]
[SourceDate "2014.11.20"]
[SourceVersion "1"]
[SourceVersionDate "2014.11.20"]
[SourceQuality "1"]

1. e4 c5 2. Nc3 Nc6 3. g3 e6 4. Bg2 a6 5. a4 Qc7 6. d3 Nf6 7. Be3 Be7 8. Nge2 0-0 9. h3 b6 10. Qd2 Bb7 11. f4 Nb4 12. Nd1 d5 13. c3 Nc6 14. e5 Nd7 15. g4 Na5 16. Qc2 d4 17. Nxd4 cxd4 18. Bxd4 Bxg2 19. Qxg2 Nb3 20. Rb1 Nxd4 21. cxd4 Bb4+ 22. Kf1 Rac8 23. Ne3 f6 24. Qe4 fxe5 25. dxe5 Qxe5 26. Ng2 Qxe4 27. dxe4 Rc2 28. e5 0-1